[Event "WYCC Open 10"]
[Site "Porto Carras"]
[Date "2015.10.28"]
[Round "4.5"]
[White "Sadhwani, Raunak"]
[Black "Nguyen, Quoc Hy"]
[Result "1/2-1/2"]
[BlackElo "1583"]
[WhiteElo "1981"]
[LiveChessVersion "1.4.6"]

1. e4 {[%clk 1:30:54]} c5 {[%clk 1:30:53]} 2. Nf3 {[%clk 1:31:18]} a6
{[%clk 1:31:14]} 3. c3 {[%clk 1:31:09]} d5 {[%clk 1:31:35]} 4. exd5
{[%clk 1:31:25]} Qxd5 {[%clk 1:31:57]} 5. d4 {[%clk 1:31:52]} e6 {[%clk 1:32:17]}
6. Be2 {[%clk 1:29:14]} Nf6 {[%clk 1:27:17]} 7. O-O {[%clk 1:29:37]} cxd4
{[%clk 1:27:24]} 8. cxd4 {[%clk 1:30:02]} Be7 {[%clk 1:27:37]} 9. Nc3
{[%clk 1:30:28]} Qd8 {[%clk 1:27:54]} 10. Bg5 {[%clk 1:30:06]} O-O
{[%clk 1:28:08]} 11. Qd2 {[%clk 1:30:23]} b5 {[%clk 1:23:31]} 12. Bxf6
{[%clk 1:29:38]} Bxf6 {[%clk 1:23:49]} 13. a4 {[%clk 1:30:04]} bxa4
{[%clk 1:00:38]} 14. Nxa4 {[%clk 1:30:05]} Bb7 {[%clk 0:53:48]} 15. Nc5
{[%clk 1:29:40]} Bd5 {[%clk 0:54:07]} 16. Ne5 {[%clk 1:28:48]} Bxe5
{[%clk 0:44:26]} 17. dxe5 {[%clk 1:28:57]} Qc7 {[%clk 0:43:48]} 18. Qe3
{[%clk 1:24:41]} Nd7 {[%clk 0:36:06]} 19. Nxa6 {[%clk 1:20:55]} Qb7
{[%clk 0:07:36]} 20. Rfd1 {[%clk 1:20:55]} Qxb2 {[%clk 0:07:36]} 21. f4
{[%clk 1:20:55]} Qb6 {[%clk 0:07:36]} 22. Qxb6 {[%clk 1:20:55]} Nxb6
{[%clk 0:07:36]} 23. Rab1 {[%clk 1:20:55]} Bc4 {[%clk 0:07:36]} 24. Bxc4
{[%clk 1:20:55]} Nxc4 25. Nc7 {[%clk 1:15:22]} Ra2 {[%clk 0:07:36]} 26. Rd7
{[%clk 1:14:55]} Ne3 {[%clk 0:05:34]} 27. g3 {[%clk 1:14:46]} Rg2+
{[%clk 0:05:11]} 28. Kh1 {[%clk 1:14:31]} Ra2 {[%clk 0:05:33]} 29. h3
{[%clk 1:12:19]} Nf5 {[%clk 0:05:45]} 30. Rb3 {[%clk 1:10:52]} Ra1+
{[%clk 0:05:21]} 31. Kg2 {[%clk 1:11:02]} Ra2+ {[%clk 0:04:44]} 32. Kf3
{[%clk 1:10:57]} Rh2 {[%clk 0:05:00]} 33. h4 {[%clk 1:08:43]} Nxh4+
{[%clk 0:04:58]} 34. Ke4 {[%clk 1:08:42]} Ng6 {[%clk 0:04:09]} 35. Rb7
{[%clk 1:08:47]} Re2+ {[%clk 0:03:12]} 36. Kf3 {[%clk 1:08:38]} Rxe5
{[%clk 0:03:12]} 37. Nb5 {[%clk 1:08:23]} Re1 {[%clk 0:02:39]} 38. Nd6
{[%clk 1:07:16]} Rd1 {[%clk 0:01:11]} 39. Rxf7 {[%clk 1:05:33]} Ne5+
{[%clk 0:00:53]} 40. fxe5 {[%clk 1:35:36]} Rf1+ {[%clk 0:31:18]} 41. Ke4
{[%clk 1:35:20]} R1xf7 {[%clk 0:31:45]} 42. Nxf7 {[%clk 1:35:39]} Rxf7
{[%clk 0:32:09]} 43. Rb8+ {[%clk 1:36:01]} Rf8 {[%clk 0:32:34]} 44. Rb7
{[%clk 1:36:18]} Re8 {[%clk 0:29:46]} 45. Rd7 {[%clk 1:36:07]} Kf8
{[%clk 0:28:59]} 46. Kf4 {[%clk 1:29:45]} Re7 {[%clk 0:29:05]} 47. Rd6
{[%clk 1:29:05]} Kf7 {[%clk 0:29:12]} 48. Kg5 {[%clk 1:29:31]} Ra7
{[%clk 0:28:59]} 49. Rb6 {[%clk 1:29:32]} Ke7 {[%clk 0:22:11]} 50. Rc6
{[%clk 1:29:40]} Ra3 {[%clk 0:20:53]} 51. g4 {[%clk 1:29:38]} Ra7
{[%clk 0:17:18]} 52. Rb6 {[%clk 1:30:05]} Kf7 {[%clk 0:17:42]} 53. Rc6
{[%clk 1:30:17]} Ra5 {[%clk 0:13:30]} 54. Rc7+ {[%clk 1:30:34]} Kf8
{[%clk 0:13:50]} 55. Rc8+ {[%clk 1:30:55]} Kf7 {[%clk 0:13:52]} 1/2-1/2

[Event "WYCC Open 10"]
[Site "Porto Carras"]
[Date "2015.10.28"]
[Round "4.6"]
[White "Ponomarev, Grigori"]
[Black "Oglaza, Oskar"]
[Result "1/2-1/2"]
[BlackElo "2118"]
[WhiteElo "1685"]
[LiveChessVersion "1.4.6"]

1. e4 {[%clk 1:30:55]} c5 {[%clk 1:30:45]} 2. Nc3 {[%clk 1:31:13]} e6
{[%clk 1:30:56]} 3. Nge2 {[%clk 1:31:06]} a6 {[%clk 1:30:52]} 4. g3
{[%clk 1:31:06]} d5 {[%clk 1:26:11]} 5. exd5 {[%clk 1:30:51]} exd5
{[%clk 1:26:24]} 6. d4 {[%clk 1:30:14]} Nf6 {[%clk 1:21:59]} 7. Bg2
{[%clk 1:29:13]} cxd4 {[%clk 1:18:11]} 8. Nxd4 {[%clk 1:28:01]} Be7
{[%clk 1:14:31]} 9. O-O {[%clk 1:25:33]} O-O {[%clk 1:14:17]} 10. Bg5
{[%clk 1:23:38]} Nc6 {[%clk 1:12:59]} 11. Re1 {[%clk 1:14:55]} h6
{[%clk 1:06:42]} 12. Nxd5 {[%clk 1:10:54]} Nxd5 {[%clk 0:46:57]} 13. Nxc6
{[%clk 1:10:39]} bxc6 {[%clk 0:46:58]} 14. Bxe7 {[%clk 1:10:54]} Nxe7
{[%clk 0:46:30]} 15. Qxd8 {[%clk 1:11:16]} Rxd8 {[%clk 0:46:52]} 16. Rxe7
{[%clk 1:11:42]} Be6 {[%clk 0:47:13]} 17. Bxc6 {[%clk 1:09:19]} Rac8
{[%clk 0:44:31]} 18. Ba4 {[%clk 1:06:39]} Rd2 {[%clk 0:44:32]} 19. Re8+
{[%clk 0:46:05]} Rxe8 {[%clk 0:44:51]} 20. Bxe8 {[%clk 0:46:27]} Rxc2
{[%clk 0:45:09]} 21. b3 {[%clk 0:45:41]} Kf8 {[%clk 0:45:14]} 1/2-1/2

[Event "WYCC Open 10"]
[Site "Porto Carras"]
[Date "2015.10.28"]
[Round "4.7"]
[White "Wu, Logan"]
[Black "Chinguun, Sumiya"]
[Result "0-1"]
[BlackElo "2067"]
[WhiteElo "1832"]
[LiveChessVersion "1.4.6"]

1. e4 {[%clk 1:30:58]} c5 {[%clk 1:30:56]} 2. Nf3 {[%clk 1:31:24]} e6
{[%clk 1:31:20]} 3. d4 {[%clk 1:31:51]} cxd4 {[%clk 1:31:46]} 4. Nxd4
{[%clk 1:32:19]} a6 {[%clk 1:32:10]} 5. Bd3 {[%clk 1:32:35]} Qc7 {[%clk 1:32:33]}
6. O-O {[%clk 1:32:52]} Nf6 {[%clk 1:33:00]} 7. Qe2 {[%clk 1:33:17]} d6
{[%clk 1:33:25]} 8. c4 {[%clk 1:33:35]} Nbd7 {[%clk 1:33:45]} 9. Nc3
{[%clk 1:33:46]} g6 {[%clk 1:33:43]} 10. f4 {[%clk 1:33:41]} Bg7 {[%clk 1:34:02]}
11. Nf3 {[%clk 1:33:13]} O-O {[%clk 1:33:53]} 12. Bd2 {[%clk 1:33:16]} b6
{[%clk 1:32:55]} 13. Kh1 {[%clk 1:33:21]} Bb7 {[%clk 1:32:46]} 14. Rae1
{[%clk 1:33:05]} Rad8 {[%clk 1:32:03]} 15. f5 {[%clk 1:30:44]} exf5
{[%clk 1:25:48]} 16. exf5 {[%clk 1:30:32]} Rfe8 {[%clk 1:25:37]} 17. Qd1
{[%clk 1:27:41]} Ne5 {[%clk 1:25:40]} 18. Nxe5 {[%clk 1:25:43]} dxe5
{[%clk 1:24:32]} 19. Qe2 {[%clk 1:14:53]} Qd7 {[%clk 1:20:59]} 20. Nd5
{[%clk 1:05:23]} Bxd5 {[%clk 1:19:32]} 21. cxd5 {[%clk 1:04:50]} Qxd5
{[%clk 1:19:40]} 22. Rf3 {[%clk 1:01:02]} e4 {[%clk 1:19:36]} 23. Re3
{[%clk 1:01:07]} exd3 {[%clk 1:15:55]} 24. Rxe8+ {[%clk 0:50:20]} Rxe8
{[%clk 1:16:17]} 25. Qf1 {[%clk 0:48:23]} Rxe1 {[%clk 1:16:11]} 26. Qxe1
{[%clk 0:48:51]} Qxf5 {[%clk 1:16:16]} 27. Bc3 {[%clk 0:49:01]} Ne4
{[%clk 1:16:32]} 28. Bxg7 {[%clk 0:49:09]} Kxg7 {[%clk 1:16:56]} 29. Qb1
{[%clk 0:49:15]} d2 {[%clk 1:17:11]} 30. Kg1 {[%clk 0:47:12]} Qf2+
{[%clk 1:17:36]} 31. Kh1 {[%clk 0:47:26]} Qe1+ {[%clk 1:18:03]} 0-1

[Event "WYCC Open 10"]
[Site "Porto Carras"]
[Date "2015.10.28"]
[Round "4.8"]
[White "Daggupati, Balaji"]
[Black "Makoveev, Ilya"]
[Result "0-1"]
[BlackElo "1982"]
[WhiteElo "1767"]
[LiveChessVersion "1.4.6"]

1. e4 {[%clk 1:30:55]} e5 {[%clk 1:30:32]} 2. Nf3 {[%clk 1:31:14]} Nc6
{[%clk 1:30:37]} 3. Bb5 {[%clk 1:31:29]} a6 {[%clk 1:30:38]} 4. Ba4
{[%clk 1:31:45]} Nf6 {[%clk 1:30:15]} 5. O-O {[%clk 1:31:47]} Be7
{[%clk 1:30:18]} 6. Re1 {[%clk 1:32:03]} b5 {[%clk 1:30:24]} 7. Bb3
{[%clk 1:32:26]} d6 {[%clk 1:30:39]} 8. c3 {[%clk 1:32:49]} O-O {[%clk 1:30:38]}
9. d4 {[%clk 1:32:56]} Bg4 {[%clk 1:30:30]} 10. Be3 {[%clk 1:33:16]} Na5
{[%clk 1:22:36]} 11. Bc2 {[%clk 1:33:19]} exd4 {[%clk 1:20:46]} 12. cxd4
{[%clk 1:33:29]} c5 {[%clk 1:20:32]} 13. Nbd2 {[%clk 1:30:51]} Re8
{[%clk 1:15:58]} 14. Qb1 {[%clk 1:15:45]} cxd4 {[%clk 1:05:40]} 15. Nxd4
{[%clk 1:15:08]} Bf8 {[%clk 1:03:09]} 16. f4 {[%clk 1:12:46]} Bd7
{[%clk 0:52:17]} 17. h3 {[%clk 1:09:05]} g6 {[%clk 0:49:44]} 18. N2f3
{[%clk 1:07:36]} Bg7 {[%clk 0:48:29]} 19. Bf2 {[%clk 1:07:48]} Nh5
{[%clk 0:40:04]} 20. f5 {[%clk 1:02:03]} Nc6 {[%clk 0:32:08]} 21. Qd1
{[%clk 0:58:32]} Ne5 {[%clk 0:29:12]} 22. Rc1 {[%clk 0:56:24]} Bc8
{[%clk 0:23:23]} 23. a4 {[%clk 0:54:30]} Bb7 {[%clk 0:19:26]} 24. axb5
{[%clk 0:54:07]} axb5 {[%clk 0:18:33]} 25. Nxb5 {[%clk 0:49:36]} d5
{[%clk 0:18:00]} 26. fxg6 {[%clk 0:48:33]} hxg6 {[%clk 0:18:08]} 27. Bb3
{[%clk 0:42:58]} dxe4 {[%clk 0:14:30]} 28. Qxd8 {[%clk 0:42:42]} Raxd8
{[%clk 0:14:38]} 29. Nxe5 {[%clk 0:33:08]} Bxe5 {[%clk 0:13:27]} 30. Bh4
{[%clk 0:30:10]} Rd3 {[%clk 0:06:38]} 31. Bc4 {[%clk 0:29:37]} Rd2
{[%clk 0:06:19]} 32. Rcd1 {[%clk 0:27:33]} e3 {[%clk 0:04:42]} 33. Rxd2
{[%clk 0:26:41]} exd2 {[%clk 0:05:12]} 34. Rf1 {[%clk 0:22:03]} Bf4
{[%clk 0:04:21]} 35. Nd6 {[%clk 0:18:50]} Re1 {[%clk 0:02:48]} 36. Bxf7+
{[%clk 0:16:28]} Kh7 {[%clk 0:03:04]} 37. Rxe1 {[%clk 0:15:18]} dxe1=Q+
{[%clk 0:03:27]} 38. Bxe1 {[%clk 0:15:38]} Bxd6 {[%clk 0:03:54]} 39. Bc4
{[%clk 0:14:40]} Nf4 {[%clk 0:03:30]} 40. Bf1 {[%clk 0:44:59]} Be4
{[%clk 0:33:06]} 41. Bc3 {[%clk 0:41:57]} Bd5 {[%clk 0:29:14]} 42. Bd4
{[%clk 0:41:25]} Bxg2 {[%clk 0:27:48]} 43. Bxg2 {[%clk 0:41:29]} Ne2+
{[%clk 0:28:17]} 44. Kf2 Nxd4 45. Bd5 {[%clk 0:41:45]} g5 {[%clk 0:28:29]} 46.
Bf7 {[%clk 0:40:02]} Kg7 {[%clk 0:28:09]} 47. Bc4 {[%clk 0:39:19]} Kg6
{[%clk 0:28:05]} 48. Ba6 {[%clk 0:38:01]} Kh5 {[%clk 0:28:09]} 49. Bc8
{[%clk 0:38:21]} Kh4 {[%clk 0:28:34]} 50. Bd7 {[%clk 0:38:04]} Nb3
{[%clk 0:27:53]} 51. Be6 {[%clk 0:36:53]} Nd2 {[%clk 0:26:40]} 52. Bf5
{[%clk 0:36:33]} Nc4 {[%clk 0:26:45]} 53. b3 {[%clk 0:36:24]} Nd2
{[%clk 0:26:49]} 54. Be6 {[%clk 0:36:38]} Ne4+ {[%clk 0:27:09]} 55. Kg2
{[%clk 0:36:55]} Nf6 {[%clk 0:27:26]} 56. Bc8 {[%clk 0:35:11]} Nd5
{[%clk 0:27:44]} 57. Bd7 {[%clk 0:35:27]} Nf4+ {[%clk 0:28:10]} 58. Kf3
{[%clk 0:35:30]} Nxh3 {[%clk 0:28:25]} 59. Kg2 {[%clk 0:35:55]} Nf4+
{[%clk 0:28:48]} 60. Kf3 {[%clk 0:35:52]} Nd3 {[%clk 0:29:11]} 61. Bc8
{[%clk 0:35:22]} Nc5 {[%clk 0:29:18]} 62. b4 {[%clk 0:35:36]} Nb3
{[%clk 0:29:43]} 63. b5 {[%clk 0:35:54]} Nd4+ {[%clk 0:30:09]} 64. Ke4
{[%clk 0:36:15]} Nxb5 {[%clk 0:30:38]} 65. Kf3 {[%clk 0:36:35]} Bf4
{[%clk 0:30:50]} 66. Bd7 {[%clk 0:36:55]} Nd6 {[%clk 0:31:13]} 67. Be6
{[%clk 0:37:16]} Nb5 {[%clk 0:31:17]} 68. Bd7 {[%clk 0:37:30]} Nd4+
{[%clk 0:31:27]} 69. Ke4 {[%clk 0:37:52]} Ne2 {[%clk 0:31:51]} 70. Kf3
{[%clk 0:38:14]} Ng3 {[%clk 0:32:17]} 71. Bb5 {[%clk 0:37:50]} Nh5
{[%clk 0:32:34]} 72. Bd7 {[%clk 0:37:59]} Nf6 {[%clk 0:33:00]} 73. Be6
{[%clk 0:38:13]} Bb8 {[%clk 0:33:23]} 74. Bc8 {[%clk 0:38:04]} g4+
{[%clk 0:33:47]} 75. Bxg4 {[%clk 0:38:09]} Nxg4 {[%clk 0:34:16]} 76. Ke4
{[%clk 0:38:27]} Kg5 {[%clk 0:34:31]} 77. Kd5 {[%clk 0:38:51]} Kf5
{[%clk 0:34:53]} 78. Kd4 {[%clk 0:39:13]} Nf6 {[%clk 0:35:15]} 79. Ke3
{[%clk 0:37:41]} Ba7+ {[%clk 0:35:11]} 80. Kf3 {[%clk 0:37:06]} Ng4
{[%clk 0:35:13]} 81. Kg3 {[%clk 0:37:29]} Ne5 {[%clk 0:35:02]} 82. Kh4
{[%clk 0:37:36]} Kf4 {[%clk 0:34:44]} 83. Kh3 {[%clk 0:38:01]} Kf3
{[%clk 0:34:27]} 84. Kh2 {[%clk 0:38:15]} Bf2 {[%clk 0:34:33]} 85. Kh1
{[%clk 0:38:37]} Bg3 {[%clk 0:34:50]} 86. Kg1 {[%clk 0:38:53]} Ng4
{[%clk 0:34:43]} 87. Kh1 {[%clk 0:39:14]} Nf2+ {[%clk 0:35:08]} 88. Kg1
{[%clk 0:39:41]} Bf4 {[%clk 0:35:33]} 89. Kf1 {[%clk 0:40:02]} Bh2
{[%clk 0:35:59]} 90. Ke1 {[%clk 0:40:27]} Ne4 {[%clk 0:35:55]} 91. Kf1
{[%clk 0:40:44]} Nd2+ {[%clk 0:36:15]} 92. Ke1 {[%clk 0:41:07]} Ke3
{[%clk 0:36:41]} 93. Kd1 {[%clk 0:41:30]} Kd3 {[%clk 0:37:03]} 94. Kc1
{[%clk 0:41:22]} Nc4 {[%clk 0:37:21]} 95. Kd1 {[%clk 0:41:35]} Bg3
{[%clk 0:37:45]} 96. Kc1 {[%clk 0:41:53]} Ne3 {[%clk 0:36:38]} 97. Kb2
{[%clk 0:42:17]} Kc4 {[%clk 0:37:00]} 98. Ka3 {[%clk 0:42:24]} Be1
{[%clk 0:36:33]} 99. Ka4 {[%clk 0:42:38]} Bc3 {[%clk 0:36:50]} 100. Ka3
{[%clk 0:43:00]} Nc2+ {[%clk 0:36:57]} 101. Ka4 {[%clk 0:43:24]} Nd4
{[%clk 0:36:32]} 102. Ka3 {[%clk 0:43:46]} Nb3 {[%clk 0:34:38]} 103. Ka4
{[%clk 0:44:10]} Nc5+ {[%clk 0:35:04]} 104. Ka3 {[%clk 0:44:34]} Kd3 105. Ka2 Kc2
{[%clk 0:35:43]} 106. Ka3 {[%clk 0:45:22]} Ba5 {[%clk 0:36:08]} 107. Ka2
{[%clk 0:45:42]} Bb4 {[%clk 0:36:34]} 108. Ka1 {[%clk 0:46:07]} Nb3+
{[%clk 0:37:01]} 109. Ka2 {[%clk 0:46:33]} Nc1+ {[%clk 0:37:28]} 110. Ka1
{[%clk 0:46:54]} Bc3# {[%clk 0:37:57]} 0-1

[Event "WYCC Open 10"]
[Site "Porto Carras"]
[Date "2015.10.28"]
[Round "4.9"]
[White "Davtyan, Arsen"]
[Black "Tugstumur, Yesuntumur"]
[Result "0-1"]
[WhiteElo "1769"]
[BlackElo "1960"]
[PlyCount "198"]
[EventDate "2015.??.??"]
[WhiteClock "0:02:41"]
[BlackClock "0:07:06"]

1. d4 Nf6 2. Nf3 g6 3. Bf4 Bg7 4. e3 O-O 5. h3 d6 6. Be2 Nbd7 7. O-O c5 8. c3
b6 9. Nbd2 Bb7 10. Qc2 Rc8 11. Rad1 cxd4 12. exd4 Re8 13. Rfe1 Qc7 14. Bf1 Nf8
15. Qb3 Ne6 16. Bh2 Qd7 17. Bb5 Bc6 18. Bc4 Ba4 19. Qb4 a5 20. Qa3 Bxd1 21.
Rxd1 b5 22. Bxe6 fxe6 23. Qxa5 Nd5 24. Qa3 Qc6 25. Qb3 Bh6 26. Re1 Bxd2 27.
Nxd2 Nc7 28. Ne4 Qd5 29. Qd1 Rf8 30. b3 Ra8 31. Qe2 Qf5 32. Qd2 Ra7 33. Qe2
Rfa8 34. Ra1 Qd5 35. Bxd6 Ne8 36. Bc5 Rb7 37. h4 h6 38. Qg4 Qf5 39. Qe2 Ng7 40.
a4 bxa4 41. bxa4 Rab8 42. Qe1 Rb2 43. a5 Qg4 44. Bxe7 Nh5 45. Ng3 Nxg3 46. fxg3
Qf5 47. Bb4 Qd5 48. Qf1 Rb7 49. Qf8+ Kh7 50. Qf3 Qxf3 51. gxf3 Rf7 52. Rf1 Rc2
53. Rf2 Rc1+ 54. Kg2 g5 55. hxg5 hxg5 56. Re2 Rf6 57. Kf2 g4 58. f4 Rh6 59. Re1
Rc2+ 60. Ke3 Rg2 61. a6 Ra2 62. Rg1 Rxa6 63. Ke4 Kg6 64. Rg2 Kf6 65. c4 Ra4 66.
Rb2 Rh3 67. Rb3 Ra2 68. Re3 Rg2 69. Be1 Rc2 70. Bc3 Kf7 71. c5 Rhh2 72. Kd3 Ra2
73. Kc4 Ra7 74. Kb5 Rc2 75. Be1 Rb2+ 76. Kc4 Ra4+ 77. Kd3 Ra3+ 78. Ke4 Rxe3+
79. Kxe3 Kf6 80. Bc3 Rg2 81. Be1 Kf5 82. Bf2 Rh2 83. Be1 Ra2 84. Kd3 Ra1 85.
Bc3 Ra6 86. Be1 Kf6 87. Bc3 Ke7 88. Kc4 Ra8 89. Kd3 Kd7 90. Ke4 Ra3 91. Be1 Ra2
92. Bc3 Rg2 93. f5 exf5+ 94. Kxf5 Rxg3 95. Bd2 Rd3 96. Be1 g3 97. Ke4 g2 98.
Bf2 Rd1 99. Kf3 g1=Q 0-1

[Event "WYCC Open 10"]
[Site "Porto Carras"]
[Date "2015.10.28"]
[Round "4.11"]
[White "Mochalin, Faddey"]
[Black "Weihrauch, Jakob"]
[Result "1-0"]
[BlackElo "1754"]
[WhiteElo "1917"]
[LiveChessVersion "1.4.6"]

1. d4 {[%clk 1:30:58]} g6 {[%clk 1:30:46]} 2. e4 {[%clk 1:30:57]} Bg7
{[%clk 1:31:04]} 3. Nf3 {[%clk 1:31:07]} d6 {[%clk 1:30:55]} 4. Bc4
{[%clk 1:30:34]} a6 {[%clk 1:30:58]} 5. Nc3 {[%clk 1:26:33]} b5 {[%clk 1:30:35]}
6. Bd5 {[%clk 1:21:52]} c6 {[%clk 1:30:53]} 7. Bb3 {[%clk 1:22:14]} e6
{[%clk 1:29:44]} 8. Bg5 {[%clk 1:21:12]} Ne7 {[%clk 1:29:57]} 9. a3
{[%clk 1:15:11]} h6 {[%clk 1:29:40]} 10. Be3 {[%clk 1:14:55]} Qc7
{[%clk 1:28:28]} 11. Qd2 {[%clk 1:13:40]} Nd7 {[%clk 1:26:07]} 12. Rd1
{[%clk 1:13:25]} Nb6 {[%clk 1:25:24]} 13. O-O {[%clk 1:07:41]} Bb7
{[%clk 1:24:31]} 14. e5 {[%clk 1:00:50]} d5 {[%clk 1:23:46]} 15. a4
{[%clk 0:58:47]} Nd7 {[%clk 1:20:44]} 16. Ne2 {[%clk 0:57:25]} Nf5
{[%clk 1:18:24]} 17. Bf4 {[%clk 0:57:05]} g5 {[%clk 1:17:09]} 18. Bg3
{[%clk 0:57:04]} Bf8 {[%clk 1:15:08]} 19. h3 {[%clk 0:54:51]} Rg8
{[%clk 1:13:26]} 20. c3 {[%clk 0:53:20]} Be7 {[%clk 1:12:16]} 21. Bc2
{[%clk 0:53:24]} Nb6 {[%clk 1:08:41]} 22. Bxf5 {[%clk 0:50:43]} exf5
{[%clk 1:08:43]} 23. axb5 {[%clk 0:49:03]} cxb5 {[%clk 1:08:16]} 24. e6
{[%clk 0:48:15]} Bd6 {[%clk 1:07:34]} 25. exf7+ {[%clk 0:47:49]} Kxf7
{[%clk 1:07:46]} 26. Bxd6 {[%clk 0:46:01]} Qxd6 {[%clk 1:08:11]} 27. Ne5+
{[%clk 0:45:42]} Kf6 {[%clk 1:07:17]} 28. Ng3 {[%clk 0:45:20]} Bc8
{[%clk 1:04:26]} 29. Rde1 {[%clk 0:44:49]} Be6 {[%clk 1:04:17]} 30. f4
{[%clk 0:42:15]} Raf8 {[%clk 1:00:57]} 31. fxg5+ {[%clk 0:41:31]} hxg5
{[%clk 0:58:13]} 32. Nxf5 {[%clk 0:19:48]} Bxf5 {[%clk 0:58:15]} 33. Qd3
{[%clk 0:17:31]} Kg7 {[%clk 0:56:05]} 34. Rxf5 {[%clk 0:17:18]} Rxf5
{[%clk 0:54:47]} 35. Qxf5 {[%clk 0:17:40]} Qf6 {[%clk 0:53:51]} 36. Qg4
{[%clk 0:14:44]} Rf8 {[%clk 0:38:24]} 37. Nf3 {[%clk 0:14:50]} Qf5
{[%clk 0:33:06]} 38. Qxg5+ {[%clk 0:09:24]} Qxg5 {[%clk 0:33:26]} 39. Nxg5
{[%clk 0:09:50]} Kg6 {[%clk 0:32:21]} 40. Nf3 {[%clk 0:38:02]} Kf5
{[%clk 1:01:18]} 41. Kf2 {[%clk 0:36:14]} Nc4 {[%clk 1:01:18]} 42. Re2
{[%clk 0:35:24]} a5 {[%clk 1:00:34]} 43. Kg1 {[%clk 0:33:40]} Rf6
{[%clk 0:56:59]} 44. Ne5 {[%clk 0:33:12]} Re6 {[%clk 0:55:26]} 45. Rf2+
{[%clk 0:30:02]} Ke4 {[%clk 0:55:23]} 46. Nxc4 {[%clk 0:29:57]} dxc4
{[%clk 0:55:35]} 47. Re2+ {[%clk 0:26:58]} Kd5 {[%clk 0:52:31]} 48. Rxe6
{[%clk 0:26:37]} Kxe6 {[%clk 0:52:49]} 49. Kf2 {[%clk 0:27:03]} b4
{[%clk 0:52:43]} 50. Ke2 {[%clk 0:26:53]} b3 {[%clk 0:51:40]} 51. Kd2
{[%clk 0:27:16]} Kf6 {[%clk 0:51:04]} 52. h4 {[%clk 0:27:33]} Kf5
{[%clk 0:49:42]} 53. h5 {[%clk 0:27:43]} a4 {[%clk 0:49:30]} 54. Kc1
{[%clk 0:28:04]} Kf6 {[%clk 0:48:54]} 55. d5 {[%clk 0:28:19]} Ke5
{[%clk 0:48:14]} 56. h6 {[%clk 0:28:42]} a3 {[%clk 0:48:14]} 57. bxa3
{[%clk 0:29:29]} Kxd5 {[%clk 0:48:18]} 58. h7 1-0

[Event "WYCC Open 10"]
[Site "Porto Carras"]
[Date "2015.10.28"]
[Round "4.12"]
[White "Csiki, Endre"]
[Black "Evering, Soeren"]
[Result "1-0"]
[BlackElo "1746"]
[WhiteElo "1901"]
[LiveChessVersion "1.4.6"]

1. e4 {[%clk 1:30:52]} e5 {[%clk 1:30:57]} 2. Nf3 {[%clk 1:30:52]} Nc6
{[%clk 1:31:13]} 3. Bb5 {[%clk 1:30:53]} a6 {[%clk 1:31:29]} 4. Ba4
{[%clk 1:31:14]} Nf6 {[%clk 1:31:24]} 5. d4 {[%clk 1:31:22]} exd4
{[%clk 1:25:56]} 6. O-O {[%clk 1:31:20]} Be7 {[%clk 1:24:36]} 7. Re1
{[%clk 1:29:56]} O-O {[%clk 1:22:54]} 8. e5 {[%clk 1:28:56]} Nd5 {[%clk 1:20:50]}
9. Nxd4 {[%clk 1:26:49]} Nxd4 {[%clk 1:16:31]} 10. Qxd4 {[%clk 1:26:14]} Nb6
{[%clk 1:14:54]} 11. Bb3 {[%clk 1:17:40]} d6 {[%clk 1:07:24]} 12. exd6
{[%clk 1:08:37]} Bxd6 {[%clk 1:06:55]} 13. Be3 {[%clk 1:06:51]} Bf5
{[%clk 1:00:23]} 14. Qc3 {[%clk 0:39:06]} Re8 {[%clk 0:58:42]} 15. Bxb6
{[%clk 0:36:36]} cxb6 {[%clk 0:58:55]} 16. Rxe8+ {[%clk 0:33:58]} Qxe8
{[%clk 0:59:05]} 17. Nd2 {[%clk 0:32:55]} Be5 {[%clk 0:57:12]} 18. Qf3
{[%clk 0:32:42]} Bg6 {[%clk 0:50:29]} 19. c3 {[%clk 0:32:09]} Qe7
{[%clk 0:43:07]} 20. g3 {[%clk 0:26:39]} Bf6 {[%clk 0:33:46]} 21. Nc4
{[%clk 0:18:17]} Re8 {[%clk 0:29:02]} 22. Ne3 {[%clk 0:11:46]} Rd8
{[%clk 0:19:51]} 23. Nd5 {[%clk 0:10:31]} Qd6 {[%clk 0:16:50]} 24. Nxf6+ gxf6
{[%clk 0:16:39]} 25. Rd1 {[%clk 0:11:10]} Qe7 {[%clk 0:16:57]} 26. Rxd8+
{[%clk 0:11:38]} Qxd8 {[%clk 0:17:14]} 27. Qd1 {[%clk 0:11:56]} Qe7
{[%clk 0:16:35]} 28. Qd2 {[%clk 0:12:08]} Kg7 {[%clk 0:16:23]} 29. h4
{[%clk 0:10:26]} Qe4 {[%clk 0:15:07]} 30. Bd5 {[%clk 0:10:30]} Qe7
{[%clk 0:13:00]} 31. Bf3 {[%clk 0:10:46]} h6 {[%clk 0:09:11]} 32. Qd5
{[%clk 0:08:52]} Qe1+ {[%clk 0:06:35]} 33. Kg2 {[%clk 0:08:37]} Qb1
{[%clk 0:04:32]} 34. Qxb7 {[%clk 0:06:46]} Bd3 {[%clk 0:04:04]} 35. Qxb6
{[%clk 0:06:59]} Qf1+ {[%clk 0:04:05]} 36. Kh2 {[%clk 0:07:13]} Bf5
{[%clk 0:03:48]} 37. Bg2 {[%clk 0:07:35]} Qe2 {[%clk 0:03:28]} 38. a4
{[%clk 0:07:03]} Bg4 {[%clk 0:02:44]} 39. b4 {[%clk 0:07:02]} f5 {[%clk 0:03:12]}
40. Qd4+ {[%clk 0:35:02]} f6 {[%clk 0:32:52]} 41. c4 {[%clk 0:32:44]} Bf3
{[%clk 0:32:55]} 42. Qe3 {[%clk 0:32:15]} 1-0

[Event "WYCC Open 10"]
[Site "Porto Carras"]
[Date "2015.10.29"]
[Round "5.1"]
[White "Praggnanandhaa, R"]
[Black "Sindarov, Javokhir"]
[Result "1-0"]
[BlackElo "2299"]
[WhiteElo "2077"]
[LiveChessVersion "1.4.6"]

1. e4 {[%clk 1:30:40]} d6 {[%clk 1:30:37]} 2. d4 {[%clk 1:31:04]} Nf6
{[%clk 1:30:54]} 3. Nc3 {[%clk 1:31:24]} Nbd7 {[%clk 1:31:14]} 4. Nf3
{[%clk 1:31:26]} e5 {[%clk 1:31:33]} 5. Bc4 {[%clk 1:31:05]} Be7 {[%clk 1:31:53]}
6. O-O {[%clk 1:31:04]} O-O {[%clk 1:32:13]} 7. a4 {[%clk 1:30:32]} a6
{[%clk 1:32:15]} 8. Qe2 {[%clk 1:24:05]} c6 {[%clk 1:18:29]} 9. Rd1
{[%clk 1:19:25]} Qc7 {[%clk 1:14:34]} 10. a5 {[%clk 1:16:40]} h6 {[%clk 1:09:42]}
11. h3 {[%clk 1:06:08]} Re8 {[%clk 1:06:45]} 12. dxe5 {[%clk 1:00:38]} dxe5
{[%clk 1:00:03]} 13. Nh4 {[%clk 0:53:33]} Nf8 {[%clk 0:48:03]} 14. Be3
{[%clk 0:48:21]} Be6 {[%clk 0:47:34]} 15. Nf5 {[%clk 0:43:14]} Bxf5
{[%clk 0:42:46]} 16. exf5 {[%clk 0:42:55]} Bb4 {[%clk 0:41:39]} 17. Bb6
{[%clk 0:36:32]} Qe7 {[%clk 0:41:27]} 18. Ne4 {[%clk 0:30:08]} Nxe4
{[%clk 0:39:34]} 19. Qxe4 {[%clk 0:29:58]} Nd7 {[%clk 0:38:00]} 20. Be3
{[%clk 0:27:14]} Rad8 {[%clk 0:36:18]} 21. Qf3 {[%clk 0:24:12]} e4
{[%clk 0:32:05]} 22. Qg3 {[%clk 0:23:30]} Kf8 {[%clk 0:25:26]} 23. c3
{[%clk 0:21:09]} Bc5 {[%clk 0:25:19]} 24. Rxd7 {[%clk 0:21:05]} Rxd7
{[%clk 0:25:05]} 25. f6 {[%clk 0:21:27]} Qxf6 {[%clk 0:24:56]} 26. Bxc5+
{[%clk 0:21:55]} Kg8 {[%clk 0:25:13]} 27. Bd4 {[%clk 0:19:33]} Qg5
{[%clk 0:25:39]} 28. Qxg5 {[%clk 0:16:54]} hxg5 {[%clk 0:26:03]} 29. b4
{[%clk 0:14:08]} Red8 {[%clk 0:21:43]} 30. Be3 {[%clk 0:12:26]} g4
{[%clk 0:18:13]} 31. hxg4 {[%clk 0:12:45]} Kf8 {[%clk 0:18:39]} 32. Kh2
{[%clk 0:11:43]} f6 {[%clk 0:18:28]} 33. g5 {[%clk 0:11:00]} Rd1 {[%clk 0:17:42]}
34. Rxd1 {[%clk 0:11:18]} Rxd1 {[%clk 0:18:10]} 35. gxf6 {[%clk 0:11:09]} gxf6
{[%clk 0:18:35]} 36. Kg3 {[%clk 0:11:05]} Rg1 {[%clk 0:18:50]} 37. Be6
{[%clk 0:10:45]} Rh1 {[%clk 0:19:03]} 38. Bf5 {[%clk 0:11:02]} Ke7
{[%clk 0:17:22]} 39. Bc8 {[%clk 0:10:35]} 1-0